Police reforms / (Record no. 104615)

MARC details
000 -LEADER
fixed length control field 00529nam a22001937a 4500
005 - DATE AND TIME OF LATEST TRANSACTION
control field 20161115142810.0
010 ## - LCCN (DPL NO)
LC control number ENG-116534
020 ## - INTERNATIONAL STANDARD BOOK NUMBER
International Standard Book Number 9789383962464
Terms of availability 350.00
035 ## - SYSTEM CONTROL NUMBER
System control number EN-100066
037 ## - SOURCE OF ACQUISITION
Source of stock number/acquisition DBAD/PUB
082 ## - DEWEY DECIMAL CLASSIFICATION NUMBER
Classification number 363.20954
245 ## - TITLE STATEMENT
Title Police reforms /
Statement of responsibility, etc edited bySankar Sen
250 ## - EDITION STATEMENT
Edition statement 2016
260 ## - PUBLICATION, DISTRIBUTION, ETC. (IMPRINT)
Place of publication, distribution, etc Delhi
Name of publisher, distributor, etc Anuugya
Date of publication, distribution, etc 2016
270 ## - ADDRESS
Address 1/10206, West Gorakh Park, Shahdara
City Delhi
Postal code 110032
300 ## - PHYSICAL DESCRIPTION
Extent 160p.
Dimensions 22cm(Hb)
700 ## - ADDED ENTRY--PERSONAL NAME
Personal name Sen,Sankar
942 ## - ADDED ENTRY ELEMENTS (KOHA)
Source of classification or shelving scheme Dewey Decimal Classification
Item type English Books
Call number suffix POL
Classification part 363.20954
Holdings
Withdrawn status Lost status Not for loan Collection code Home library Current library Date acquired Source of acquisition Cost, normal purchase price Full call number Barcode Copy number Cost, replacement price Koha item type
    Not For Loan Non-fiction D.B.Act.Division Bawana 15/11/2016 DBAD/PUB. 350.00 363.20954 POL EN-100066 1 350.00 English Books

© Delhi Public Library
Hit Counter
free hit counter